Indian bureaucracy: transition before transcendence (Record no. 37245)

000 -LEADER
fixed length control field 01316pab a2200169 454500
008 - FIXED-LENGTH DATA ELEMENTS--GENERAL INFORMATION
fixed length control field 180718b1998 xxu||||| |||| 00| 0 eng d
100 ## - MAIN ENTRY--PERSONAL NAME
Personal name Vijay Kumar
245 ## - TITLE STATEMENT
Title Indian bureaucracy: transition before transcendence
260 ## - PUBLICATION, DISTRIBUTION, ETC.
Date of publication, distribution, etc. 1998
300 ## - PHYSICAL DESCRIPTION
Extent p.28-31
362 ## - DATES OF PUBLICATION AND/OR SEQUENTIAL DESIGNATION
Dates of publication and/or sequential designation Apr
520 ## - SUMMARY, ETC.
Summary, etc. In the last decade of this century we are witnessing a major discursive shift in interpretation of relationships between politics, bureaucracy, markets and social concerns. The credit for the ring of new changes goes to major developments in the global political economy. These are reflected mainly in repeated assertions of commitment to liberalization. Consequently, over four decades old Indian model of development and nation-building based on `democratic planning' within the framework of a `liberal democracy' and `mixed economy' stand virtually rejected. The dominant public sector in control of "the commanding heights" of the economy and a private sector enjoying a "modest level playing field" have taken a `paradigmatic change' in favour of `economic liberalization'. This transition demands government to be reinvented, the State to be rolled back and many of its tasks to be handed over to the market.
650 ## - SUBJECT ADDED ENTRY--TOPICAL TERM
Topical term or geographic name entry element Bureaucracy - India
650 ## - SUBJECT ADDED ENTRY--TOPICAL TERM
Topical term or geographic name entry element Bureaucracy
773 ## - HOST ITEM ENTRY
Main entry heading Politics India
909 ## -
-- 37245
Holdings
Withdrawn status Lost status Damaged status Not for loan Permanent Location Current Location Date acquired Serial Enumeration / chronology Barcode Date last seen Price effective from Koha item type
        Indian Institute of Public Administration Indian Institute of Public Administration 2018-07-19 Volume no: 2, Issue no: 10 AR37577 2018-07-19 2018-07-19 Articles

Powered by Koha